000 00525nam a2200205Ia 4500
005 20260429112141.0
008 260429s9999||||xx |||||||||||||| ||und||
020 _a9781394349982
041 _aEnglish
082 _a006.31
_bTAU
100 _aTaulli, Tom
245 0 _aGitHub Copilot certification :
_bstudy guide /
_cTom Taulli
250 _a1st ed.
260 _aNew Jersey :
_bSybex,
_c2025.
300 _axxxiv, 204 p.; pbk
650 _a Certification
650 _a Github
650 _aCopilot
942 _cTB
999 _c52603
_d52603